000 00413nam a2200145Ia 4500
008 240729s9999 xx 000 0 und d
022 _a2455-3069
245 0 _aJournal of Current Research in Scientific Medicine
260 _aIndia
260 _bWolters Kluwer Medknow Publications
650 _aMedicine
856 _uhttps://doaj.org/toc/5913d1b3f7d04955abf7b5f78cf7d722
942 _2ddc
942 _cDOAJEJ
999 _c69748
_d69748
945 _a1
_bMadushi Gamage
_c1
_dMadushi Gamage